000 00383nam a2200181Ia 4500
001 2786
005 20260306144832.0
008 260306t2001||||xx |||||||||||||| ||spa||
041 _aESP
082 _a230
_bL54I
100 _aLewis, C. S.
_eAUT
245 0 _aMere christianity
260 _c2001
300 _a
_c
650 _aGEN
654 _aCHU
942 _cLIB
_dJUS
_fJUS
_2ddc
_n
999 _c2786
_d2786